书目信息 |
| 题名: |
制图用表
|
|
| 作者: | ;刘文庆 译 ;苏联中央测验科学研究所 编 | |
| 分册: | ||
| 出版信息: | 北京 中国工业出版社 1963 |
|
| 页数: | 135页 | |
| 开本: | 26cm | |
| 丛书名: | ||
| 单 册: | ||
| 中图分类: | P282.4 , P25 | |
| 科图分类: | ||
| 主题词: | 地图制图表 , 测绘--专业 , 测量--专业 | |
| 电子资源: | ||
| ISBN: | ||
| 000 | 00811nam0 2200277 450 | |
| 001 | 1538321901 | |
| 005 | 20150131103908.70 | |
| 010 | @dCNY0.90 | |
| 091 | @a15165.2431(测绘 79)@dCNY1.80 | |
| 100 | @a20130329d1963 em y0chiy0110 ea | |
| 101 | 0 | @achi |
| 102 | @aCN@b110000 | |
| 105 | @ak z 000yy | |
| 200 | 1 | @a制图用表@9zhi tu yong biao@e1953年增订本@e克拉索夫斯基椭圆体@f苏联中央测验科学研究所编@g刘文庆译 |
| 205 | @a新1版 | |
| 210 | @a北京@c中国工业出版社@d1963 | |
| 215 | @a135页@d26cm | |
| 606 | 0 | @a地图制图表 |
| 606 | 0 | @a测绘@x专业 |
| 606 | 0 | @a测量@x专业 |
| 690 | @aP282.4@v5 | |
| 690 | @aP25@v4 | |
| 702 | 0 | @a刘文庆@9liu wen qing@4译 |
| 711 | 02 | @a苏联中央测验科学研究所@9su lian zhong yang ce yan ke xue yan jiu suo@4编 |
| 801 | 0 | @aCN@bTSSF@c20150131 |
| 905 | @aZUCC@dP25@eJY14 | |
| 制图用表:1953年增订本:克拉索夫斯基椭圆体/苏联中央测验科学研究所编/刘文庆译.-新1版.-北京:中国工业出版社,1963 |
| 135页;26cm |
| ISBN :CNY0.90 |
| ● |
| 相关链接 |
|
|
|
|
正题名:制图用表
索取号:P25/JY14
 
预约/预借
| 序号 | 登录号 | 条形码 | 馆藏地/架位号 | 状态 | 备注 |
| 1 | 7863258 | 278632589 | 学院路分馆/ [索取号:P25/JY14] | 在馆 |